000 01481nab a2200229 i 4500
001 768714001
003 CO-MdFUSB
005 20240528150011.0
008 240528t1976 sp ||||| |||| 00| 0 spa d
040 _bspa
_cCO-MdFUSB
_dCO-MdFUSB
041 _aspa
100 _aKatz, Heiner,
_d1935-
_eautor
245 _aDimensiones sociales del concepto de crisis
_c/ Heiner Katz ; traducido por Jesús Larriba
520 _aEl repentino fracaso de los criterios que venían empleándose para valorar y ordenar los fenómenos y acontecimientos eclesiales se pone de manifiesto en el mismo momento en que se reconoce la necesidad de un cambio de comportamiento y la urgencia de iniciar un proceso de decisión. ¿Pueden contribuir a esclarecer la situación, al menos en grado limitado, esquemas procedentes de la teoría de la crisis y elaborados en el ámbito de las ciencias sociales? Para responder a esta pregunta es necesario un análisis crítico adecuado del correspondiente punto de partida teórico y de los intereses que se insertan en el mismo y guían el proceso cognoscitivo.
650 7 _aIglesia
_9655
650 7 _aTeología dogmática
_96937
653 _aLa Iglesia en crisis
700 _aLarriba, Jesús, ‎
_etraductor
773 0 _049450
_982695
_oR2604
_tRevista internacional de teología Concilium
_w(CO-MdFUSB)8
_x0210-1041
_gVolumen 114, (abril, 1976) páginas: 8 - 29
_qpágina: 8
942 _cANA
945 _aCatherine Arias Álvarez - Practicante SENA
999 _c69967
_d69967